01384nam a2200253 a 450000100100000000500170001000800410002704000250006808200170009310000420011024501310015226000900028330000460037350000740041959000260049365000990051965000590061865000330067791000370071095201150074795201210086295201300098399900170111300002756520200930030928.0110401s2010 dr acg 001 0 spa d aDO-SdBNPbspacBNPHU a784.4bS211b1 aSánchez Dorrejo, Pedro Pablo95465510aBanda de música municipal de Santiago :bRepública Dominicana ¡un siglo de su historia! /cPedro Pablo Sánchez Dorrejo. a[Santiago de los Caballeros, República Dominicana] :bPedro P. Sánchez D.,c2010. a210 p. :bil., música, retrs. ;c23 cm. aEn la portada: Academia Municipal "Ramón Emilio Peralta 1905-2005". aInventariado, 2018/LP 4aBandas de músicaxHistoriazSantiago De Los Caballeros (República Dominicana{Rpara}954656 4aMúsica popular dominicanaxHistoriaySIGLO XX954657 4aMúsicos dominicanos916091 aValidado. Control de calidad EMS 0010718PDaPDbPDcHDd2011-04-01iLF1l0o784.4 S211bp27565-10r2020-06-25w2020-06-25yLFPDZNo se presta 0010718PDaPDbPDcHDd2011-04-01iLF1l0o784.4 S211bp27565-20r2020-06-25te. 2w2020-06-25yLFPDZNo se presta 001054708DSaPDbPDcHDd2011-04-06iLF1l0o784.4 S211bp27565-30r2020-06-25te. 3w2020-06-25yLFDSZPréstamo en sala c27057d27057